LEADER 03720 am 2200649 n 450 001 9910214942603321 005 20170330 010 $a2-7099-2284-3 024 7 $a10.4000/books.irdeditions.10404 035 $a(CKB)3710000001633264 035 $a(FrMaCLE)OB-irdeditions-10404 035 $a(oapen)https://directory.doabooks.org/handle/20.500.12854/42962 035 $a(PPN)267950136 035 $a(EXLCZ)993710000001633264 100 $a20170608j|||||||| ||| 0 101 0 $afre 135 $auu||||||m|||| 181 $ctxt$2rdacontent 182 $cc$2rdamedia 183 $acr$2rdacarrier 200 14$aLes champignons ectomycorhiziens des arbres forestiers en Afrique de l?Ouest $eMéthodes d?étude, diversité, écologie, utilisation en foresterie et comestibilité /$fAmadou Bâ, Robin Duponnois, Moussa Diabaté, Bernard Dreyfus 210 $aMarseille $cIRD Éditions$d2017 215 $a1 online resource (252-[XII] p.) 311 $a2-7099-1684-3 330 $aLa symbiose ectomycorhizienne, phénomène naturel vieux d?environ 250 millions d?années, résulte d'une association mutualiste entre le mycélium d?un champignon du sol et les racines d?une plante hôte. Dans ce partenariat à deux, le champignon mobilise des nutriments du sol, en particulier le phosphore, au bénéfice de la plante hôte. En retour, le champignon reçoit de la plante hôte du carbone qu?il est incapable de fabriquer. La symbiose apporte une indéniable valeur ajoutée aux deux associés. Elle est ainsi au c?ur des recherches pour optimiser les opérations de reboisement et de réhabilitation des sols dégradés et pour lutter contre la désertification. Cet ouvrage présente une synthèse des travaux sur les champignons ectomycorhiziens conduits par l'IRD et ses partenaires en Afrique de l?Ouest. Outre des données fondamentales sur la diversité et l?écologie de la symbiose, cet ouvrage décrit les méthodes d?étude des champignons, en particulier les techniques de mycorhization contrôlée, pratique sylvicole utilisée pour la production de plants forestiers. Il s?adresse à un large public (étudiants, chercheurs, enseignants, gestionnaires de l?environnement, décideurs) et constitue une référence actualisée sur les symbioses ectomycorhiziennes et leur impact dans les écosystèmes forestiers ouest-africains. 517 $achampignons ectomycorhiziens des arbres forestiers en Afrique de l'Ouest 517 $achampignons ectomycorhiziens des arbres forestiers en Afrique de l?Ouest 606 $aEnvironmental studies, Geography & Development 606 $achampignon des forêts 606 $aectomycorhizes 606 $ainventaire mycologique 606 $amycorhizes 606 $aAfrique occidentale 606 $aAfrique de l'Ouest 610 $amycorhizes 610 $aAfrique de l'Ouest 610 $aAfrique occidentale 610 $ainventaire mycologique 610 $achampignon des forêts 610 $aectomycorhizes 615 4$aEnvironmental studies, Geography & Development 615 4$achampignon des forêts 615 4$aectomycorhizes 615 4$ainventaire mycologique 615 4$amycorhizes 615 4$aAfrique occidentale 615 4$aAfrique de l'Ouest 700 $aBâ$b Amadou$01297753 701 $aDuponnois$b Robin$01203587 701 $aDiabaté$b Moussa$01317304 701 $aDreyfus$b Bernard$01310028 701 $aGarbaye$b Jean$01199972 801 0$bFR-FrMaCLE 906 $aBOOK 912 $a9910214942603321 996 $aLes champignons ectomycorhiziens des arbres forestiers en Afrique de l?Ouest$93032920 997 $aUNINA